El Ingenioso Hidalgo Don Quijote de la Mancha (Record no. 2195)

MARC details
000 -CABECERA
campo de control de longitud fija 01708nam a2200313 a 4500
001 - NÚMERO DE CONTROL
campo de control BRCA_2454
005 - FECHA Y HORA DE LA ÚLTIMA TRANSACCIÓN
campo de control 20190320203822.0
008 - DATOS DE LONGITUD FIJA--INFORMACIÓN GENERAL
campo de control de longitud fija 181108s1825----fr-#---###---#000-0dspa-u
041 ## - CÓDIGO DE LENGUA
Código de lengua del texto/banda sonora o título independiente spa
044 ## - CÓDIGO DEL PAÍS DE LA ENTIDAD EDITORA/PRODUCTORA
Código MARC del país fr
084 ## - OTRO NÚMERO DE CLASIFICACIÓN
Número de clasificación 094
Número de documento/Ítem .B38
-- 1825
100 1# - ENTRADA PRINCIPAL--NOMBRE DE PERSONA
Nombre de persona Cervantes Saavedra, Miguel de
Fechas asociadas al nombre 1547-1616
9 (RLIN) 213
245 10 - MENCIÓN DE TÍTULO
Título El Ingenioso Hidalgo Don Quijote de la Mancha
Mención de responsabilidad, etc. por Miguel de Cervantes Saavedra.
260 ## - PUBLICACIÓN, DISTRIBUCIÓN, ETC.
Lugar de publicación, distribución, etc. París
Nombre del editor, distribuidor, etc. Baudry et Teof. Barrois
Fecha de publicación, distribución, etc. 1825
300 ## - DESCRIPCIÓN FÍSICA
Extensión 6 v.
Dimensiones 12 cm.
440 #0 - MENCIÓN DE SERIE/PUNTO DE ACCESO ADICIONAL--TÍTULO
Título Colección de las mejores obras escritas en lengua española
9 (RLIN) 7155
500 ## - NOTA GENERAL
Nota general Contenido : v 1. Primera parte. Retrato de Cervantes. Vida de Cervantes por V. de los Ríos. Dedicatoria. Prólogo del autor. Versos preliminares. Texto. -- v 2. Texto. -- v 3. Texto. -- v 4. Segunda parte. Dedicatoria del autor. Texto -- v 5. Texto. -- v 6. Texto
500 ## - NOTA GENERAL
Nota general Preciosa edición impresa en tipos pequeños, pero muy claros. Contiene Vida de Cervantes, escrita por Ríos. Retrato del autor dibujado por Deveria. Excepto en ligeras variantes, sigue el texto de la edición académica de 1782, pero suprime el prólogo de la segunda parte. Lindo ejemplar. Piel, lomeras y planos adornados con filetes dorados Lúdovik Osterc
500 ## - NOTA GENERAL
Nota general Con ex-libris de : H. Remsen Whitehouse
500 ## - NOTA GENERAL
Nota general QMB76
650 14 - PUNTO DE ACCESO ADICIONAL DE MATERIA--TÉRMINO DE MATERIA
Término de materia o nombre geográfico como elemento de entrada Novela española
Subdivisión cronológica Época clásica, 1500-1700
9 (RLIN) 215
650 14 - PUNTO DE ACCESO ADICIONAL DE MATERIA--TÉRMINO DE MATERIA
Término de materia o nombre geográfico como elemento de entrada Literatura española
Subdivisión cronológica Época clásica, 1500-1700
9 (RLIN) 216
650 14 - PUNTO DE ACCESO ADICIONAL DE MATERIA--TÉRMINO DE MATERIA
Término de materia o nombre geográfico como elemento de entrada Novela española
Subdivisión cronológica Siglo XVII
9 (RLIN) 217
650 14 - PUNTO DE ACCESO ADICIONAL DE MATERIA--TÉRMINO DE MATERIA
Término de materia o nombre geográfico como elemento de entrada Don Quijote (Personaje ficticio)
Término indicativo de función/relación Novela
9 (RLIN) 218
700 1# - PUNTO DE ACCESO ADICIONAL--NOMBRE DE PERSONA
Nombre de persona Ríos, Vicente de los
Fechas asociadas al nombre 1732-1779
Término indicativo de función/relación Biógrafo
9 (RLIN) 7156
740 0# - PUNTO DE ACCESO ADICIONAL--TÍTULO RELACIONADO O ANALÍTICO NO CONTROLADO
Título relacionado o analítico no controlado El Ingenioso Hidalgo Don Quijote de la Mancha
902 ## - CATALOGADOR
Iniciales QFM
942 ## - ELEMENTOS DE PUNTO DE ACCESO ADICIONAL (KOHA)
Fuente del sistema de clasificación o colocación Library of Congress Classification
Tipo de ítem Koha Libros
Holdings
Estado de retiro Estado de pérdida Estado dañado No para préstamo Localización permanente Ubicación/localización actual Fecha de adquisición Número de inventario Total de préstamos Signatura topográfica completa Código de barras Fecha visto por última vez Precio válido a partir de Tipo de ítem Koha
El ejemplar forma parte de la colección y puede ser consultado según las políticas vigentes.       Biblioteca del Museo Franz Mayer (Rogerio Casas-Alatriste) Biblioteca del Museo Franz Mayer (Rogerio Casas-Alatriste) 18/11/2008 QMB76   094 .B38 1825 (QMB76) 2451 22/03/2019 22/03/2019 Libros